Memoria anual, 1976

Сохранить в:
Библиографические подробности
Соавтор: Costa Rica. Ministerio de Hacienda
Формат: Текст
Опубликовано: San José :
Метки: Добавить метку
Нет меток, Требуется 1-ая метка записи!

MARC

LEADER 00000 a a2200000 04500
001 14590
003
040
090 |a 018500  
110 |a Costa Rica. Ministerio de Hacienda  
245 |a Memoria anual, 1976  
260 |a San José :  
300 |a 100 p.  
999 |c 16734  |d 16734